Statistiques concernant The Smiths : Tous les albums

Cliquez ici pour prendre le quiz!

Statistiques générales

  • Ce quiz a été pris 8 fois
  • Le résultat moyen est 4 sur 8

Statistiques - réponses

Date de sortieNom de l'Album% Correct
1986The Queen Is Dead
100%
1987Louder Than bombs
71%
1984The Smiths
71%
1985Meat Is Murder
43%
1988Rank
43%
1987Strangeways, Here We Come
43%
1987The World Won't listen
43%
1984Hatful Of Hollow
29%

Distribution des résultats

Percentile par nombre de réponses

% des personnes avec chaque résultat

Votre développement - résultats

Vous n’avez pas pris ce quiz